000
00301nam a22001457a 4500
008
210426b ||||| |||| 00| 0 eng d
020
_a
0030897432
041
_a
eng
080
_a
330
082
_a
330
100
_a
52
101
_a
EKO
245
_a
Basic Economics
_c
Dolan,E.G
942
_2
udc
_c
BK
999
_c
56707
_d
56707